000 01914cam a22004457a 4500
003 CHAP
005 20220329142326.0
008 200719d2000 mx rs o00110 spa d
010 _a81762
011 _a82734
020 _a970-13-2834-5
020 _a970-13-2835-3
020 _a970-13-2836-1
020 _a9701328337
035 _a93236
040 _cCHAP
082 0 4 _a338.972
_bI59 1999 Oax.
110 2 _aInstituto Nacional de Estadística, Geografía e Informática. México
_959304
245 1 0 _aCuaderno estadístico municipal :
_bOaxaca
_c/por Instituto Nacional de Estadística, Geografía e Informática
260 _aAguascalientes, Ags. :
_bInstituto Nacional de Estadística, Geografía e Informática,
_cc.2000-
300 _av.
500 _aLa biblioteca tiene : v.1. Huajuapan de León -- v.2. Salina Cruz -- v.3. Ejutla de Crespo -- v.4. San Juan Bautista Tuxtepec
590 _aBATCH-UPD
_b10
_c20130110
_lUCH01
_h0858
590 _aBATCH-UPD
_b10
_c20130410
_lUCH01
_h0528
590 _aBATCH-UPD
_b10
_c20130914
_lUCH01
_h1503
590 _aCONVERSION
_b10
_c20130109
_lUCH01
_h1345
650 1 4 _aAgricultura
_xEstadisticas
_zOaxaca.
_91462
650 1 4 _aGanadería
_xEstadísticas
_zOaxaca.
_944720
650 1 4 _aMéxico
_xMunicipios.
_976781
650 1 4 _aOaxaca
_xCondiciones económicas.
_982476
650 1 4 _aOaxaca
_xCondiciones sociales.
_982478
650 1 4 _aOaxaca
_xEstadísticas.
_982481
901 _aBK
905 _aPatricia Mendoza P.
942 _cLIBRO
949 _a338.972 I59 1999 Oax.
_bBC
_cINEGI
_d33724000581179
_eINEGI
_fv.1
_h98308
_i93236
_kDonaciØn
_sb
949 _a338.972 I59 1999 Oax.
_bBC
_cINEGI
_d33724000581187
_eINEGI
_fv.4
_h98311
_i93236
_kDonaciØn
_sb
949 _a338.972 I59 1999 Oax.
_bBC
_cINEGI
_d33724000581195
_eINEGI
_fv.3
_h98310
_i93236
_kDonaciØn
_sb
949 _a338.972 I59 1999 Oax.
_bBC
_cINEGI
_d33724000581203
_eINEGI
_fv.2
_h98309
_i93236
_kDonaciØn
_sb
999 _c81762
_d81762